Chanteurs et musiciens en T (par images). - Statistiques

Statistiques générales
  • Ce quiz a été pris 316 fois
  • Le résultat moyen est 6 sur 16
Statistiques - réponses
Par images Réponse % Correct
The Weeknd
84%
Justin Timberlake
83%
Tal
80%
Tina Turner
74%
Tokio Hotel
43%
Téléphone
42%
The Notorious B.I.G
41%
Tiakola
40%
Charles Trenet
35%
Twenty One Pilots
33%
Tragédie
30%
Tryo
23%
Trippie Redd
14%
Timal
11%
T-Pain
11%
James Taylor
1%
Aucun quiz correspondant
Distribution des résultats
% des personnes avec chaque résultat
Percentile par nombre de réponses
Votre historique - résultats
Vous n’avez pas pris ce quiz